| 000 | 00604cam a2200205 4500 | ||
|---|---|---|---|
| 001 | D11487 | ||
| 008 | 090401t1976 xxu||||| |||| 00| 0 eng d | ||
| 035 | _a(Sirsi) u98177 | ||
| 041 | _aeng | ||
| 050 | _a526.3 | ||
| 100 | _aShapiro, Irwin I | ||
| 245 | _aEstimation of astrometric and geodetic parameters. [Methods of experimental physics, vol. 12, Part C] | ||
| 260 |
_bAcademic Press _c1976 |
||
| 300 | _ap261-276 | ||
| 350 | _a0 | ||
| 520 | _aIn RICS Land surveyors information package 5: Very Long Baseline Interferometry | ||
| 700 | _aMeeks, M.L (ed) | ||
| 942 | _n0 | ||
| 948 | _c04/03/1997 | ||
| 999 |
_c99111 _d99111 |
||